DR PATANGRAO KADAM FOURCY OF FULFILLED DREAMS VOL 1 1944 -1969 (Record no. 541175)

MARC details
000 -LEADER
fixed length control field 00479pam a2200157a 44500
008 - FIXED-LENGTH DATA ELEMENTS--GENERAL INFORMATION
fixed length control field 230515b2010 xxu||||| |||| 00| 0 eng d
020 ## - INTERNATIONAL STANDARD BOOK NUMBER
International Standard Book Number NULL
041 ## - LANGUAGE CODE
Language code of text/sound track or separate title ENGLISH
082 ## - DEWEY DECIMAL CLASSIFICATION NUMBER
Classification number 923/SAG
100 ## - MAIN ENTRY--PERSONAL NAME
Personal name SAGARE MS
245 ## - TITLE STATEMENT
Title DR PATANGRAO KADAM FOURCY OF FULFILLED DREAMS VOL 1 1944 -1969
250 ## - EDITION STATEMENT
Edition statement 1
260 ## - PUBLICATION, DISTRIBUTION, ETC.
Place of publication, distribution, etc. PUNE
Name of publisher, distributor, etc. BHARATI VIDYAPEEETH ABHIMAT VISHVVIDYALAY SAMAJ VI
Date of publication, distribution, etc. 2010
300 ## - PHYSICAL DESCRIPTION
Extent 32
650 ## - SUBJECT ADDED ENTRY--TOPICAL TERM
Topical term or geographic name entry element DR PATANGRAO KADAM FOURCY OF FULFILLED DREAMS VOL 1 1944 -1969
Holdings
Withdrawn status Lost status Damaged status Not for loan Home library Current library Shelving location Date acquired Source of acquisition Cost, normal purchase price Total Checkouts Full call number Barcode Date last seen Price effective from Koha item type
        Social Science Centre (MSW), Pune Social Science Centre (MSW), Pune   02/02/2010 BHARATI MADHYAWARTI GRAHAK BHANDAR 100.00   923/SAG MSP-SC-7783 28/06/2023 28/06/2023 Book